| 000 | 00547nam a2200217 i 4500 | ||
|---|---|---|---|
| 001 | bg | ||
| 100 | 1 | _aDOWGIAŁŁO, Zygmunt | |
| 245 | 1 | 0 |
_aPraca menedżera / _cZygmunt Dowgiałło. |
| 260 |
_aSzczecin : _bWydawnictwo "Znicz", _c1999. |
||
| 300 |
_a309 s. ; _c24 cm. |
||
| 504 | _aBibliogr. | ||
| 650 | 9 | _aMenedżerowie | |
| 650 | 9 | _aZarządzanie | |
| 020 | _a8390734435 | ||
| 040 | _cBPK | ||
| 041 | 0 | _apol | |
| 080 | _a658.3-057.17:005.95/.96 | ||
| 920 | _a83-907344-3-5 | ||
| 942 | _cKS | ||
| 008 | s pl f |000 0 pol | ||
| 999 |
_c53616 _d53616 |
||
| 856 |
_uhttp://koha.tu.koszalin.pl/cgi-bin/koha/opac-detail.pl?biblionumber=53616 _yKatalog online BPK |
||